| 000 | 00812nas a2200265 4500 | ||
|---|---|---|---|
| 001 | BR2010004767 | ||
| 003 | BR-BrBNA | ||
| 005 | 20231205114313.0 | ||
| 007 | ta | ||
| 008 | 230509b bl.|||p| |||| 00| 00por d | ||
| 040 |
_aBR-BrBNA _bpor _cBiblioteca Nacional de Agricultura |
||
| 041 | _a(En) | ||
| 072 | _aF63 | ||
| 100 | 1 | _aNovo, R.R. | |
| 100 | 1 | _aSouza, J.T. | |
| 100 | 1 | _aCastro, C.C. de | |
| 245 | 1 | _aFirst report of predation on floral visitors by crab spiders on Croton selowii Baill. (Euphorbiaceae) | |
| 650 | _aPLANTA MEDICINAL | ||
| 650 | _aARANHA | ||
| 650 | _aPOLINIZAÇÃO | ||
| 650 | _aPREDADOR | ||
| 773 | 0 |
_tActa Botanica Brasilica (Brazil) _xISSN 0102-3306 _g(Apr-Jun 2010), v. 24(2) p. 592-594 _wBR2010004767 |
|
| 909 |
_a202311 _bLúcia _c55 _dLúcia Elande |
||
| 942 |
_2AGRIS _n0 _cANA |
||
| 999 |
_c208128 _d208128 |
||